00095 2200061 4500990001100000990001100011990001100022 a012231 a012227 a012230